000 00216nam a2200085Ia 4500
245 0 _aPhantom pain
100 _a GRUNBERG, Arnon London, 2003
_979499
942 _cBK
008 210819s9999 xx 000 0 und d
999 _c277337
_d277336